000 006090000a22001810004500
003 MACL
005 20160608150329.0
008 160608b xxu||||| |||| 00| 0 eng d
040 _aMACL
_cMACL
041 _aHindi
082 _a954
100 _aत्रिपाठी, वचनेश
_961009
245 _aक्रांतिकारियों के ऐतिहासिक दस्‍तावेज
_cवचनेश त्रिपाठी
260 _bअखिल भारती
_c2007
_aदिल्‍ली
350 _a250
650 _aHistory
_963123
942 _cHIN
_k954
_2ddc
999 _c22430
_d22430